Stories of storeys: (Record no. 159384)

MARC details
000 -LEADER
fixed length control field 00668nam a22001937a 4500
005 - DATE AND TIME OF LATEST TRANSACTION
control field 20181215142819.0
010 ## - LCCN (DPL NO)
LC control number ENG-124542
020 ## - INTERNATIONAL STANDARD BOOK NUMBER
Terms of availability 895.00
International Standard Book Number 9789353280802
035 ## - SYSTEM CONTROL NUMBER
System control number EN-108074
037 ## - SOURCE OF ACQUISITION
Source of stock number/acquisition DBAD/PUB.
082 ## - DEWEY DECIMAL CLASSIFICATION NUMBER
Classification number 720.103
100 ## - MAIN ENTRY--PERSONAL NAME
Personal name Bhatia, Gautam
245 ## - TITLE STATEMENT
Title Stories of storeys:
Statement of responsibility, etc by Gautam Bhatia
Remainder of title art architecture and the city /
260 ## - PUBLICATION, DISTRIBUTION, ETC. (IMPRINT)
Place of publication, distribution, etc New Delhi
Name of publisher, distributor, etc Sage Publications India Pvt. Ltd.
Date of publication, distribution, etc 2018
270 ## - ADDRESS
Address B1/I-1, Mohan Cooperative Industrial Area Mathura Road Post Bag 7
City New Delhi
Postal code 110044
300 ## - PHYSICAL DESCRIPTION
Extent xi,378p.
Dimensions 24cm.(pbk)
Other physical details ill.picture
500 ## - GENERAL NOTE
General note It includes about the author
942 ## - ADDED ENTRY ELEMENTS (KOHA)
Source of classification or shelving scheme Dewey Decimal Classification
Item type English Books
Call number suffix BHA
Classification part 720.103
Holdings
Withdrawn status Lost status Not for loan Collection code Home library Current library Date acquired Source of acquisition Cost, normal purchase price Full call number Barcode Copy number Cost, replacement price Koha item type
    Not For Loan Non-fiction D.B.Act.Division Bawana 15/12/2018 DBAD/PUB 895.00 720.103 BHA EN-108074 1 895.00 English Books

© Delhi Public Library
Hit Counter
free hit counter